000 01008nam a2200253Ia 4500
003 OSt
005 20221005112042.0
006 a|||||r|||| 00| 0
007 ta
008 221004b |||||||| |||| 00| 0 hin d
024 _a32619
037 _cTextual
040 _aCRL
_cCRL
_bhin
041 _2hin
_ahin
082 _aO152,1K17:g, L0
100 _aसिंह, त्रिभुवन
245 0 _aमहाकवि मतिराम और मध्यकालीन हिन्दी कविता में अलंकरण-वृत्ति
246 _aMahākavi matirām aur madhyakālīn hindī kavitā mean alankaraṇa-vṛutti
260 _aवाराणसी
_bहिन्दी प्रचारक संस्थान भारत
_c1970
300 _a344पृ.
_ccm.
650 _aहिन्दी साहित्य
942 _hO152,1K17:g, L0
_cTEXL
_2cc
999 _c1023680
_d1023680